Annali della Facolt ̉di Giurisprudenza di Taranto Anno IV

Detalles Bibliográficos
Otros Autores: Uricchio, Antonio
Formato: eBook
Lenguaje:italiano
Publicado: Bari : Cacucci Editore, 2011
Materias:
Acceso en línea:http://www.vlex.com/source/6786

MARC

LEADER 00000nam a22000007a 4500
005 20130219151144.0
007 cr|||| ||||
008 130219e2011 it |||||s|||| 00| 0 ita d
020 |a 886611099X 
035 |a 6786 
040 |a vLex 
090 |c 3682  |d 3682 
245 0 0 |a Annali della Facolt ̉di Giurisprudenza di Taranto  |b Anno IV  |h [Recurso electrn̤ico] 
256 |a Servicio en ln̕ea 
260 |a Bari :  |b Cacucci Editore,   |c 2011  
300 |a 1 Recurso electrn̤ico 
650 0 4 |a Derecho  |v Revista 
700 1 0 |a Uricchio, Antonio 
740 |a vLex Libros (Servicio en ln̕ea) 
856 |a Acceso restringido  |u http://www.vlex.com/source/6786 
942 |c BOOK 
999 0 |a Law